The fast forward MBA pocket reference / (Record no. 5673)
[ view plain ]
| 000 -LEADER | |
|---|---|
| fixed length control field | 00917cam a2200241 a 4500 |
| 001 - CONTROL NUMBER | |
| control field | 12911927 |
| 005 - DATE AND TIME OF LATEST TRANSACTION | |
| control field | 20250506121640.0 |
| 008 - FIXED-LENGTH DATA ELEMENTS--GENERAL INFORMATION | |
| fixed length control field | 020830s2002 nyua bf 001 0 eng |
| 020 ## - INTERNATIONAL STANDARD BOOK NUMBER | |
| International Standard Book Number | 0471222828 |
| 050 00 - LIBRARY OF CONGRESS CALL NUMBER | |
| Classification number | HD31 |
| Item number | .A6456 2002 |
| 100 1# - MAIN ENTRY--PERSONAL NAME | |
| Personal name | Argenti, Paul A. |
| 245 14 - TITLE STATEMENT | |
| Title | The fast forward MBA pocket reference / |
| Statement of responsibility, etc. | Paul A. Argenti. |
| 250 ## - EDITION STATEMENT | |
| Edition statement | 2nd ed. |
| 260 ## - PUBLICATION, DISTRIBUTION, ETC. | |
| Place of publication, distribution, etc. | New York : |
| Name of publisher, distributor, etc. | J. Wiley, |
| Date of publication, distribution, etc. | c2002. |
| 300 ## - PHYSICAL DESCRIPTION | |
| Extent | xvi, 352 p. : |
| Other physical details | ill. ; |
| Dimensions | 23 cm. |
| 440 #4 - SERIES STATEMENT/ADDED ENTRY--TITLE | |
| Title | The fast forward MBA series |
| 500 ## - GENERAL NOTE | |
| General note | "The portable MBA"--Cover. |
| 650 #0 - SUBJECT ADDED ENTRY--TOPICAL TERM | |
| Topical term or geographic name entry element | Industrial management |
| Form subdivision | Handbooks, manuals, etc. |
| 856 42 - ELECTRONIC LOCATION AND ACCESS | |
| Materials specified | Contributor biographical information |
| Uniform Resource Identifier | <a href="http://www.loc.gov/catdir/bios/wiley043/2002511949.html">http://www.loc.gov/catdir/bios/wiley043/2002511949.html</a> |
| 856 42 - ELECTRONIC LOCATION AND ACCESS | |
| Materials specified | Publisher description |
| Uniform Resource Identifier | <a href="http://www.loc.gov/catdir/description/wiley036/2002511949.html">http://www.loc.gov/catdir/description/wiley036/2002511949.html</a> |
| 856 41 - ELECTRONIC LOCATION AND ACCESS | |
| Materials specified | Table of contents |
| Uniform Resource Identifier | <a href="http://www.loc.gov/catdir/toc/fy032/2002511949.html">http://www.loc.gov/catdir/toc/fy032/2002511949.html</a> |
| 942 ## - ADDED ENTRY ELEMENTS (KOHA) | |
| Source of classification or shelving scheme | Library of Congress Classification |
| Koha item type | Books |
| Suppress in OPAC | No |
| 999 ## - | |
| -- | 5673 |
| -- | 5673 |
| Withdrawn status | Lost status | Source of classification or shelving scheme | Damaged status | Not for loan | Collection | Home library | Current library | Shelving location | Date acquired | Total checkouts | Full call number | Barcode | Date last seen | Copy number | Price effective from | Koha item type |
|---|---|---|---|---|---|---|---|---|---|---|---|---|---|---|---|---|
| Library of Congress Classification | Non-fiction | Graduate Library (Christ Temple) | Graduate Library (Christ Temple) | General stacks | 05/06/2025 | HD 31 ARG | GSCT00001126 | 05/06/2025 | 1 | 05/06/2025 | Books | |||||
| Library of Congress Classification | Non-fiction | Graduate Library (Christ Temple) | Graduate Library (Christ Temple) | General stacks | 05/06/2025 | HD 31 ARG | GSCT00001127 | 05/06/2025 | 2 | 05/06/2025 | Books | |||||
| Library of Congress Classification | Non-fiction | Graduate Library (Christ Temple) | Graduate Library (Christ Temple) | General stacks | 05/06/2025 | HD 31 ARG | GSCT00001128 | 05/06/2025 | 3 | 05/06/2025 | Books | |||||
| Library of Congress Classification | Non-fiction | Graduate Library (Christ Temple) | Graduate Library (Christ Temple) | General stacks | 05/06/2025 | HD 31 ARG | GSCT00001129 | 05/06/2025 | 4 | 05/06/2025 | Books | |||||
| Library of Congress Classification | Non-fiction | Graduate Library (Christ Temple) | Graduate Library (Christ Temple) | General stacks | 05/06/2025 | HD 31 ARG | GSCT00001130 | 05/06/2025 | 5 | 05/06/2025 | Books | |||||
| Library of Congress Classification | Non-fiction | Graduate Library (Christ Temple) | Graduate Library (Christ Temple) | General stacks | 05/06/2025 | HD 31 ARG | GSCT00001131 | 05/06/2025 | 6 | 05/06/2025 | Books |